Wheldons Cost Accounting And Costing Method (Record no. 112166)

MARC details
000 -LEADER
fixed length control field 00366pam a2200145 a 4500
020 ## - INTERNATIONAL STANDARD BOOK NUMBER
Terms of availability
041 ## - LANGUAGE CODE
Language code of original
082 ## - DEWEY DECIMAL CLASSIFICATION NUMBER
Classification number 657.41999999999996
Item number OWL
100 ## - MAIN ENTRY--PERSONAL NAME
Personal name Owler, L.W.S.
245 ## - TITLE STATEMENT
Title Wheldons Cost Accounting And Costing Method
Medium Textual Documents
260 ## - PUBLICATION, DISTRIBUTION, ETC.
Place of publication, distribution, etc. London
Name of publisher, distributor, etc. English Language Book Society
300 ## - PHYSICAL DESCRIPTION
Extent 770/PB
700 ## - ADDED ENTRY--PERSONAL NAME
Personal name Brown, J.L.
930 ## - EQUIVALENCE OR CROSS-REFERENCE-UNIFORM TITLE HEADING [LOCAL, CANADA]
Uniform title 5336
Holdings
Withdrawn status Lost status Damaged status Not for loan Collection Home library Current library Shelving location Date acquired Source of acquisition Cost, normal purchase price Total Checkouts Full call number Barcode Date last seen Copy number Price effective from Koha item type
          Abhijit Kadam Institute of Management & Social Science, Solapur Abhijit Kadam Institute of Management & Social Science, Solapur   29/11/1981 Sarswati Book Depo 40.70   657.41999999999996 OWL AKS-M-00101 01/03/2023 1 01/03/2023 Book